书目信息 |
| 题名: |
太易论
|
|
| 作者: | 韩勇 著 | |
| 分册: | ||
| 出版信息: | 济南 山东友谊出版社 1998.05 |
|
| 页数: | 398页 | |
| 开本: | 32开 | |
| 丛书名: | ||
| 单 册: | ||
| 中图分类: | B221 | |
| 科图分类: | ||
| 主题词: | 先秦哲学 | |
| 电子资源: | ||
| ISBN: | 7-80551-937-4 | |
| 000 | 00506nam0 2200193 45 | |
| 001 | 0103011016 | |
| 005 | 20010301103220.7 | |
| 010 | @a7-80551-937-4@d19.80元 | |
| 100 | @a20010301d1998 km y0chiy0120 ea | |
| 101 | 0 | @achi |
| 105 | @a z 000yy | |
| 200 | 1 | @a太易论@ATai Yi Lun@f韩勇著@FHan Yong Zhu |
| 210 | @a济南@c山东友谊出版社@d1998.05 | |
| 215 | @a398页@d32开 | |
| 606 | 0 | @a先秦哲学 |
| 690 | @aB221@v3 | |
| 701 | 0 | @a韩勇@4著 |
| 801 | @aCN@bPftUser@c20010301 | |
| 905 | @b324756-757@dB221@eH.309@f2 | |
| 太易论/韩勇著.-济南:山东友谊出版社,1998.05 |
| 398页;32开 |
| ISBN 7-80551-937-4:19.80元 |
| ● |
| 相关链接 |
|
|
|
正题名:太易论
索取号:B221/H.309
 
预约/预借
| 序号 | 登录号 | 条形码 | 馆藏地/架位号 | 状态 | 备注 |
| 1 | 324756 | 203247566 | 社科库509/509社科库 9排1列6层/ [索取号:B221/H.309] | 在馆 | |
| 2 | 324757 | 203247575 | 社科库509/509社科库 9排1列6层/ [索取号:B221/H.309] | 在馆 |